| 000 | 00696 a2200205 4500 | ||
|---|---|---|---|
| 010 | _aENG-88647 | ||
| 020 |
_c2750.00 _a9780195669848 |
||
| 035 | _aEN-72180 | ||
| 037 | _bDBAD / PUB | ||
| 082 | 1 | 4 | _a338.954 |
| 090 |
_c9117 _d9117 |
||
| 245 | 1 |
_aThe Oxford companion to economics in India/ _cedited by Kaushik Basu |
|
| 260 |
_aNew Delhi _bOxford University Press, _c2007 |
||
| 270 |
_aYMCA Library Building, Jai Singh Road, _bNew Delhi _e110 001 |
||
| 300 |
_aix, 602p. : _c25cm (Hb) _eCD-ROM |
||
| 500 | _aIncludes index | ||
| 700 | _aBasu, Kaushik | ||
| 942 |
_adpl _cEN _k338.954 / OXF |
||
| 999 |
_c8952 _d8952 |
||